What not to write : (Record no. 478368)
[ view plain ]
| 000 -LEADER | |
|---|---|
| fixed length control field | 00766nam a22002537a 4500 |
| 001 - CONTROL NUMBER | |
| control field | 36987456 |
| 003 - CONTROL NUMBER IDENTIFIER | |
| control field | NUST |
| 005 - DATE AND TIME OF LATEST TRANSACTION | |
| control field | 20180524041715.0 |
| 008 - FIXED-LENGTH DATA ELEMENTS--GENERAL INFORMATION | |
| fixed length control field | 180524b ||||| |||| 00| 0 eng d |
| 020 ## - INTERNATIONAL STANDARD BOOK NUMBER | |
| International Standard Book Number | 9789810761394 |
| 038 ## - RECORD CONTENT LICENSOR | |
| Staff Name | Arshad Iqbal |
| 082 ## - DEWEY DECIMAL CLASSIFICATION NUMBER | |
| Classification number | 808.042 |
| Author Mark | SAY |
| 100 ## - MAIN ENTRY--PERSONAL NAME | |
| Personal name | Sayce, Kay |
| 9 (RLIN) | 10498 |
| 245 ## - TITLE STATEMENT | |
| Title | What not to write : |
| Remainder of title | a guide to the dos and don'ts of good English/ |
| Statement of responsibility, etc. | by Kay Sayce |
| 260 ## - PUBLICATION, DISTRIBUTION, ETC. | |
| Place of publication, distribution, etc. | London: |
| Name of publisher, distributor, etc. | Words at work, |
| Date of publication, distribution, etc. | 2009 |
| 300 ## - PHYSICAL DESCRIPTION | |
| Extent | 144 p. |
| 650 ## - SUBJECT ADDED ENTRY--TOPICAL TERM | |
| Topical term or geographic name entry element | Report writing |
| 9 (RLIN) | 3246 |
| 650 ## - SUBJECT ADDED ENTRY--TOPICAL TERM | |
| Topical term or geographic name entry element | English language--Grammar |
| 9 (RLIN) | 10499 |
| 650 ## - SUBJECT ADDED ENTRY--TOPICAL TERM | |
| Topical term or geographic name entry element | English language--Rhetoric |
| 9 (RLIN) | 10500 |
| 650 ## - SUBJECT ADDED ENTRY--TOPICAL TERM | |
| Topical term or geographic name entry element | English language--Style |
| 9 (RLIN) | 10501 |
| 650 ## - SUBJECT ADDED ENTRY--TOPICAL TERM | |
| Topical term or geographic name entry element | Grammar, Comparative and general |
| 9 (RLIN) | 10502 |
| 700 ## - ADDED ENTRY--PERSONAL NAME | |
| Personal name | Joyce, Peter |
| 9 (RLIN) | 10503 |
| 942 ## - ADDED ENTRY ELEMENTS (KOHA) | |
| Source of classification or shelving scheme | |
| Koha item type | Book |
| Withdrawn status | Lost status | Source of classification or shelving scheme | Damaged status | Not for loan | Permanent Location | Current Location | Shelving location | Date acquired | Full call number | Barcode | Date last seen | Copy number | Price effective from | Koha item type |
|---|---|---|---|---|---|---|---|---|---|---|---|---|---|---|
| Central Library (CL) | Central Library (CL) | Book Cart | 05/24/2018 | 808.042 SAY | CL3081 | 05/24/2018 | 1 | 05/24/2018 | Book |
